| 000 | 01469nam a2200349 c 4500 | ||
|---|---|---|---|
| 003 | BLK | ||
| 005 | 20230328132402.0 | ||
| 008 | 180412b bul|||||r ||||||| ||bul|| | ||
| 010 | _aKNG00010729000 | ||
| 020 |
_a954-689-007-3 _bиздат.: ТедИна |
||
| 040 | _aBLK | ||
| 041 |
_aBUL _cBUL |
||
| 080 |
_aТърговско право _b347.7 _x(075.8) _z347.7(075.8) |
||
| 100 | 1 |
_aГолеминов, Чудомир Христов _9363955 |
|
| 139 |
_aТърговско и финансово право _bТ 96 |
||
| 245 | 1 | 0 |
_aТърговско и финансово право _bУчебник за студентите от ИУ - Варна _cЧудомир Христов Големинов. |
| 257 | _aBGR | ||
| 260 |
_аВарна _bТедИна _c1995 |
||
| 300 |
_a383 с. _c20 см |
||
| 380 | _a3 | ||
| 500 | _aДруги авт.: Ив. Владимиров, П. Цанков, А. Симеонов, Н. Беронов, Р. Рачев, М. Бъчварова ; 2 030 тир | ||
| 650 | 4 |
_aТърговско право - учебници за ВУЗ _9251367 |
|
| 650 | 4 |
_aФинансово право - учебници за ВУЗ _9254306 |
|
| 653 | _aтърговско право | ||
| 653 | _aфинансово право | ||
| 653 | _aучебници за ВУЗ | ||
| 852 | _aЦб 184925 | ||
| 856 | 4 |
_qpdf _u |
|
| 856 | 4 |
_qpdf _u |
|
| 942 |
_cKNG _n0 _01 |
||
| 944 |
_aCR _c15.01.2003 _kПенка_Димитрова |
||
| 944 |
_aED _c01.07.2010 _k |
||
| 999 |
_c9317 _d9317 |
||